00385nam a2200145 a 4500008004100000050001600041100001300057245004900070250001200119260003800131300003300169350000900202650001900211650000900230120416s1984 ||||||||||||||||| || u aHD 1387 Eme aEmeny, R10aPrinciples and practices of rating valuation a4th ed. aLondonbThe Estates Gazettec1984 axl, invarious pagings : ill. a0.00 aLAND VALUATION aLAND